00195nam a22000857a 4500082001300000100001800013245003900031260003100070300000800101 a954.7JAL aJalibi Jameel aPakistan the indentity of culture  aLahorebIslamic bookc1984 a211